| 000 | 00802nam a2200229 i 4500 | ||
|---|---|---|---|
| 001 | bg | ||
| 245 | 0 | 0 |
_aRiver Restoration '96 - Session lectures proceedings : _bInternational Conference arranged by the European Centre for River Restoration / _ceds Hans Ole Hansen, Bent Lauge Madsen. |
| 260 |
_aSilkeborg : _bNational Environmental Research Inst., _c1998. |
||
| 300 |
_a293 s. : _bfot., mapy, rys., wykr. + _e30 cm. |
||
| 504 | _aBibliogr. przy ref. | ||
| 650 | 9 |
_aRzeki _xochrona _zEuropa |
|
| 655 | _aMateriaĆy konferencyjne | ||
| 700 | 1 |
_aHANSEN, Hans Ole. _eRed. |
|
| 700 | 1 |
_aMADSEN, Bent Lauge. _eRed. |
|
| 020 | _a8777723740 | ||
| 040 | _cBPK | ||
| 041 | 0 | _aen | |
| 080 | _a504.4:556.5](4)(061) | ||
| 920 | _a87-7772-374-0 | ||
| 942 | _cKS | ||
| 008 | s pl f |000 0 pol | ||
| 999 |
_c33981 _d33981 |
||